000 00499nam a22001817a 4500
003 OSt
005 20140310181748.0
008 130625t xxu||||| |||| 00| 0 eng d
020 _a0521617685
050 _aD 501
_b.B433 2005
082 _aIB 909.09823
_bB41 2005
100 _aBell, Roger.
245 _aConflict in the pacific :
_bRoger Bell.
_c1937-1951 /
260 _aNew York :
_bCambridge University Press,
_cc2005.
300 _a235 p. :
_c25 cm.
942 _2lcc
_cBK
999 _c3085
_d3085